Adult learning in England: A review / (Record no. 138035)

MARC details
000 -CABECERA
campo de control de longitud fija 00696nam a2200241 a 4500
005 - FECHA Y HORA DE LA ÚLTIMA TRANSACCIÓN
campo de control 20240920063946.0
008 - ELEMENTOS DE LONGITUD FIJA--INFORMACIÓN GENERAL
campo de control de longitud fija 081109s2000 mx r 000 0 spa d
020 ## - NÚMERO INTERNACIONAL NORMALIZADO PARA LIBROS
Número Internacional Estándar del Libro 1851842993
035 ## - NÚMERO DE CONTROL DEL SISTEMA
Número de control de sistema UPN01000165923
049 ## - COLECCIÓN
Colección UNE
080 ## - NÚMERO DE CLASIFICACIÓN DECIMAL UNIVERSAL
Número de la Clasificación Decimal Universal 374.7 (410) =20 "2000" HIL
100 1# - ASIENTO PRINCIPAL--NOMBRE PERSONAL
Nombre de persona Hillage, J
245 10 - MENCIÓN DE TÍTULO
Título Adult learning in England: A review /
Mención de responsabilidad, etc. by J. Hillage; T. Uden; F. Aldridge; J. Eccles.
260 ## - PUBLICACIÓN, DISTRIBUCIÓN, ETC.
Lugar de publicación, distribución, etc. Great Britain :
Nombre del editor, distribuidor, etc. IES,
Fecha de publicación, distribución, etc. 2000.
300 ## - DESCRIPCIÓN FÍSICA
Extensión 117 p. ;
Otras características físicas il.
440 #0 - MENCIÓN DE SERIE/ASIENTO SECUNDARIO--TÍTULO
Título IES Report ;
Designación de volumen o secuencia 369.
690 ## - PUNTO DE ACCESO ADICIONAL DE MATERIA LOCAL--TÉRMINO DE MATERIA (OCLC, RLIN)
Término de materia o nombre geográfico como elemento inicial Educación de adultos
9 (RLIN) 956
690 ## - PUNTO DE ACCESO ADICIONAL DE MATERIA LOCAL--TÉRMINO DE MATERIA (OCLC, RLIN)
Término de materia o nombre geográfico como elemento inicial Reino Unido
700 1# - ASIENTO SECUNDARIO--NOMBRE DE PERSONAL
Nombre de persona Aldridge, F., coaut
710 2# - ASIENTO SECUNDARIO - NOMBRE CORPORATIVO
Nombre de entidad corporativa o nombre de jurisdicción como elemento de entrada Eccles, J., coaut
711 2# - ASIENTO SECUNDARIO - NOMBRE DE REUNIÓN
Nombre de congreso/reunión o jurisdicción como elemento de entrada Uden, T., coaut
905 ## - TIPO DE MATERIAL
Tipo de material UNESCO
Holdings
Estado de retiro Estado de pérdida Fuente del sistema de clasificación o colocación Estado dañado No para préstamo Código de colección Localización permanente Ubicación/localización actual Ubicación en estantería Fecha de adquisición Clasificación Código de barras Fecha visto por última vez Número de copia Tipo de ítem Koha
    Library of Congress Classification   Disponible (Préstamo en sala) UNESCO Bib. Gregorio Torres Quintero Bib. Gregorio Torres Quintero Colecciones especiales Planta alta 03/02/2023 374.7 (410) =20 "2000" HIL U7963 31/12/2020 1 Libro